Export-import theory, practices, and procedures / (Record no. 37667)
[ view plain ]
| 000 -LEADER | |
|---|---|
| fixed length control field | 01390nam a22002177a 4500 |
| 020 ## - INTERNATIONAL STANDARD BOOK NUMBER | |
| ISBN | 9780367896782 |
| 041 ## - LANGUAGE CODE | |
| Language code of text/sound track or separate title | English. |
| 082 ## - DEWEY DECIMAL CLASSIFICATION NUMBER | |
| Classification number | 382 |
| Item number | SEY-E |
| 100 ## - MAIN ENTRY--AUTHOR NAME | |
| Personal name | Seyoum, Belay |
| Relator term | Author. |
| 245 ## - TITLE STATEMENT | |
| Title | Export-import theory, practices, and procedures / |
| Statement of responsibility, etc | Belay Seyoum |
| 250 ## - EDITION STATEMENT | |
| Edition statement | 4th edition. |
| 260 ## - PUBLICATION, DISTRIBUTION, ETC. (IMPRINT) | |
| Place of publication | London: |
| Name of publisher | Routledge, |
| Year of publication | 2021. |
| 300 ## - PHYSICAL DESCRIPTION | |
| Number of Pages | xiv, 656p. |
| 504 ## - BIBLIOGRAPHY, ETC. NOTE | |
| Bibliography, etc | Include index. |
| 520 ## - SUMMARY, ETC. | |
| Summary, etc | This book remains the sole export–import textbook aimed squarely at the academic audience. Discussing theoretical issues in depth, while maintaining a practical approach, it offers a comprehensive exploration of import procedures and export regulations.<br/><br/>In addition to updated cases, this new edition includes:<br/><br/>New major developments in bilateral and regional trade agreements<br/>Changes to INCOTERMS 2010<br/>Coverage of the role of e-commerce<br/>Expanded updates on methods of payment, export pricing, and government export finance<br/>This clearly written and comprehensive textbook will ground students in theory and prepare them for the realities of a career in this fast-moving field. Suitable for upper-level undergraduates and postgraduates of international trade, the book stands alone in its blend of conceptual frameworks and cogent analysis. |
| 546 ## - LANGUAGE NOTE | |
| Language note | English. |
| 650 ## - SUBJECT ADDED ENTRY--TOPICAL TERM | |
| Topical Term | Exports. |
| 650 ## - SUBJECT ADDED ENTRY--TOPICAL TERM | |
| Topical Term | Imports. |
| 650 ## - SUBJECT ADDED ENTRY--TOPICAL TERM | |
| Topical Term | Export marketing. |
| 942 ## - ADDED ENTRY ELEMENTS (KOHA) | |
| Source of classification or shelving scheme | Dewey Decimal Classification |
| Koha item type | Books |
| Withdrawn status | Lost status | Damaged status | Not for loan | Home library | Current library | Date acquired | Source of acquisition | Cost, normal purchase price | Full call number | Accession Number | Cost, replacement price | Price effective from | Koha item type |
|---|---|---|---|---|---|---|---|---|---|---|---|---|---|
| NASSDOC Library | NASSDOC Library | 16/03/2023 | Overseas | 0.00 | 382 SEY-E | 53043 | 0.00 | 24/04/2023 | Books |
